Complejidad y pensamiento emergente

Salvato in:
Dettagli Bibliografici
Natura: Libro
Lingua:Spanish
Pubblicazione: Guanajuato, México Universidad de Guanajuato 2010
Soggetti:
Tags: Aggiungi Tag
Nessun Tag, puoi essere il primo ad aggiungerne!!

MARC

LEADER 00000nam a22000007a 4500
008 180627b xxu||||| |||| 00| 0 spa d
020 |a 978-607-7778-32-5 
040 |a cru BVZT 
090 |a 100 C-34.2c  
245 |a Complejidad y pensamiento emergente  |c / Rodolfo Cortés del Moral, Javier Corona Fernández, Coordinadores 
260 |a Guanajuato, México  |b Universidad de Guanajuato  |c 2010 
300 |a 165 páginas 
650 |a FILOSOFÍA   |9 5 
650 0 |a ONTOLOGIA  |9 100  |x SISTEMAS COMPLEJOS 
650 0 |a EPISTEMOLOGÍA  |9 813  |x SISTEMAS COMPLEJOS 
650 0 |a FÍSICA ESTADÍSTICA  |9 1634 
650 0 |a SOCIOLOGÍA  |x IMPLICACIONES  |9 1635 
650 0 |a FILOSOFÍA  |9 5  |x CIENCIA  |x CONCEPTO  |x AUTOORGANIZACIÓN 
999 |c 30987  |d 30987 
942 |c LIB  |h 100 C-34.2c   |2 z